Science Quiz

Random Science Quiz

Mycology Quiz Stats

 Plays Quiz not verified by Sporcle

Score 0/29 Timer 10:00
0 Plays Today
% Correct
ergosterol
76.9%
cell wall
53.8%
keratin
46.2%
Echinocandin
30.8%
echinocandins, polyenes, azoles
23.1%
amphotericin B
23.1%
Trichophyton rubrum
23.1%
dimorphic
23.1%
Candida Albicans
23.1%
CYP3A4
15.4%
drug to drug
15.4%
host cells
15.4%
ERG11
15.4%
All azoles
15.4%
azoles and polyene
15.4%
% Correct
Azoles and statins
15.4%
dermatophytosis
15.4%
tinactin
15.4%
id
15.4%
person-derived
15.4%
nail
15.4%
Endemic mycoses
15.4%
inhaled spores
15.4%
C. Albicans
15.4%
oral thrush
15.4%
griseofulvin
7.7%
C. Albicans
7.7%
Vulvovaginal candidiasis
7.7%
risk factors
7.7%

You're not logged in!

Compare scores with friends on all Sporcle quizzes.
OR
Log In

Show Comments

Extras

Created Nov 17, 2010ReportNominate

Top Quizzes Today


Score Distribution

Your Account Isn't Verified!

In order to create a playlist on Sporcle, you need to verify the email address you used during registration. Go to your Sporcle Settings to finish the process.

Report this User

Report this user for behavior that violates our Community Guidelines.

Details: